000 00337nam a2200145Ia 4500
100 _aGear/C.W
942 _cBK
654 _aComputer Organization & Programming
245 _aComputer Organization And Programming
260 _bMcGraw Hill
_aNew York
_c1985
082 _a1.6
_bGea
300 _a414
546 _aENGLISH
999 _c32655
_d32655